| 000 | 01675nam a2200301 4500 | ||
|---|---|---|---|
| 001 | 28 | ||
| 003 | OSt | ||
| 005 | 20250207093736.0 | ||
| 008 | 250121b |||||||g |||| 00| j eng d | ||
| 020 | _a8573210427 | ||
| 040 | _bpor | ||
| 041 |
_hspa _apor |
||
| 082 |
_aar860 _bA725f |
||
| 100 | 1 |
_aArlt, Roberto, _d1900-1942 _971 |
|
| 240 | _aEl jorobadito | ||
| 245 |
_aAs feras / _cArlt, Roberto ; Tradução de Sérgio Molina e Apresentação de Ricardo Piglia |
||
| 250 | _a2° edição | ||
| 260 |
_aSão Paulo _bIluminuras _c2002 |
||
| 300 | _a156 p. | ||
| 520 | _aRoberto Arlt (1900-1942) não precisa de apresentação, mas deste livro, que reúne os contos mais famosos da Noite Terrível, Las fieras, Escritor fracassado, Ester Primavera entre outros, é bom registrar os conceitos que merecem a Luis Emilio ... os relatos de Arlt são subjugados até pela promiscuidade de realismo e imaginação como o baul-mundo onde el viajero amontona a ultima hora todos os seus, objetos dispersos (...) Todas essas criações de sua sensibilidade eruptiva respiram a atmosfera de certos aspectos de Buenos Aires e tocam com freqüência aspectos da psicologia coletiva. Os elementos mas opuestos se amalgamam nos relatos de El jorobadito con frenesi lo folletinesco corre aparejado a un realismo intenso, sem precedentes em nossa literatura; passagens escabrosas a granel estão em contato com reações de pureza expiatórias. | ||
| 650 | 0 |
_aLiteratura argentina _990 |
|
| 650 | 0 |
_aHistorias curtas _967 |
|
| 650 | 0 |
_aEspanto _972 |
|
| 655 | 0 |
_aConto _968 |
|
| 700 |
_aSérgio Molina _eTradutor _973 |
||
| 700 |
_aRicardo Piglia _eApresentação _974 |
||
| 942 |
_2ddc _n0 _cBK |
||
| 999 |
_c28 _d28 |
||